000 01006nam a2200289 i 4500
001 bg
003 BPK
005 20200813100928.0
008 000320s1979 pl a f f |000 0 pol
015 _aPB 1980/1944
020 _a8301010452
040 _aWA N
_cBPK
041 0 _apol
080 _a621.1.01
080 _a(075.8+076)
100 1 _aSzargut, Jan
_d(1923-2017)
_eAutor
245 1 0 _aProgramowany zbiór zadań z termodynamiki technicznej /
_cJan Szargut, Antoni Guzik, Henryk Górniak.
260 _aWarszawa :
_bPańst. Wydaw. Naukowe,
_c1979.
300 _a537, [7] s., [7] k. tabl. :
_bil., tab., wykr. ;
_c25 cm.
504 _aBibliogr. s. [543].
655 4 _aĆwiczenia i zadania dla szkół wyższych
650 4 _aTermodynamika techniczna
700 1 _aGuzik, Antoni
_d(1925- ).
700 1 _aGórniak, Henryk
_d(1922-1992).
942 _2UKD
_cKS
856 _uhttp://koha.tu.koszalin.pl/cgi-bin/koha/opac-detail.pl?biblionumber=1396
_yKatalog online BPK
999 _c1396
_d1396